Statistics for Country by Description of Flag

Click here to take the quiz!

General Stats

  • This quiz has been taken 40 times
  • The average score is 7 of 8

Answer Stats

Flag DescriptionCountry% Correct
Red Background with one large yellow star in the upper left corner surrounded by four smaller yellow starsChina
97%
Blue background with a red nordic cross and a white border around the crossIceland
97%
Three horizontal stripes: white, blue, redRussia
95%
Three horizontal stripes: Light blue, white, light blue - in the middle stripe there is a sunArgentina
92%
Red Background, a yellow circle in the center with 8 stripes coming out of the circle to the border of the flagNorth Macedonia
78%
Red Background sun in the center, the bottom half of the sun cut off by blue and white waves, above the sun is a birdKiribati
70%
Green background, in the upper right corner is a bird, under the bird is three vertical stripes: red, black, orangeZambia
70%
Four horizonal stripes: Red, Blue, Yellow, GreenMauritius
62%

Score Distribution

Percentile by Number Answered

Percent of People with Each Score

Your Score History

You have not taken this quiz